[Event "European Women's Championship"]
[Site "Vysoke Tatry"]
[Date "2018.04.19"]
[Round "11"]
[White "Kubicka, Anna"]
[Black "Buksa, Nataliya"]
[Result "1/2-1/2"]
[Board "44"]
[WhiteElo "2215"]
[WhiteTitle "WFM"]
[WhiteCountry "POL"]
[WhiteFideId "1152254"]
[WhiteEloChange "4"]
[BlackElo "2357"]
[BlackTitle "WGM"]
[BlackCountry "UKR"]
[BlackFideId "14123622"]
[BlackEloChange "-4"]

1. e4 {[%clk 1:30:54]} c5 {[%clk 1:30:41]} 2. Ne2 {[%clk 1:31:13]} Nc6 {[%clk
1:31:05]} 3. Nbc3 {[%clk 1:31:37]} d6 {[%clk 1:28:32]} 4. g3 {[%clk 1:30:31]} g6
{[%clk 1:27:55]} 5. Bg2 {[%clk 1:30:54]} Bg7 {[%clk 1:28:22]} 6. O-O {[%clk
1:30:46]} e6 {[%clk 1:25:27]} 7. d3 {[%clk 1:30:58]} Nge7 {[%clk 1:25:25]} 8. Be3
{[%clk 1:27:16]} O-O {[%clk 1:25:43]} 9. Qd2 {[%clk 1:25:23]} Nd4 {[%clk
1:24:12]} 10. Nd1 {[%clk 1:24:47]} Qc7 {[%clk 1:13:01]} 11. c3 {[%clk 1:24:38]}
Nxe2+ {[%clk 1:13:05]} 12. Qxe2 {[%clk 1:25:05]} Rb8 {[%clk 1:12:12]} 13. f4
{[%clk 1:23:07]} b5 {[%clk 1:12:25]} 14. Nf2 {[%clk 1:22:06]} b4 {[%clk 1:10:33]}
15. d4 {[%clk 1:03:08]} bxc3 {[%clk 1:06:01]} 16. bxc3 {[%clk 1:03:33]} Qa5
{[%clk 1:06:07]} 17. Qc2 {[%clk 0:54:41]} cxd4 {[%clk 0:59:16]} 18. cxd4 {[%clk
0:53:55]} Ba6 {[%clk 0:57:08]} 19. Rfb1 {[%clk 0:52:18]} Rxb1+ {[%clk 0:50:58]}
20. Rxb1 {[%clk 0:52:15]} Rc8 {[%clk 0:51:24]} 21. Qb2 {[%clk 0:46:54]} d5 {[%clk
0:51:48]} 22. e5 {[%clk 0:22:49]} Nf5 {[%clk 0:50:52]} 23. Bd2 {[%clk 0:22:08]}
Qa4 {[%clk 0:51:03]} 24. Bc3 {[%clk 0:19:05]} h5 {[%clk 0:44:33]} 25. Qd2 {[%clk
0:16:46]} Bf8 {[%clk 0:44:27]} 26. Bh3 {[%clk 0:14:12]} Qc6 {[%clk 0:33:04]} 27.
Nd1 {[%clk 0:12:39]} Qc4 {[%clk 0:33:15]} 28. Rb3 {[%clk 0:10:44]} Qd3 {[%clk
0:29:28]} 29. Qxd3 {[%clk 0:07:08]} Bxd3 {[%clk 0:29:55]} 30. Bxf5 {[%clk
0:07:09]} Bxf5 {[%clk 0:29:50]} 31. Ne3 {[%clk 0:07:23]} Be4 {[%clk 0:29:08]} 32.
Bb2 {[%clk 0:05:54]} a5 {[%clk 0:27:00]} 33. a3 {[%clk 0:04:05]} Be7 {[%clk
0:20:25]} 34. Rb7 {[%clk 0:02:58]} Bd8 {[%clk 0:20:53]} 35. h4 {[%clk 0:03:01]}
Kf8 {[%clk 0:20:45]} 36. Kf2 {[%clk 0:03:11]} Ke8 {[%clk 0:18:22]} 37. Ke2 {[%clk
0:03:05]} Bc7 {[%clk 0:18:49]} 38. Kd2 {[%clk 0:02:33]} Kd7 {[%clk 0:15:20]} 39.
a4 {[%clk 0:01:46]} Kc6 {[%clk 0:12:19]} 40. Rb5 {[%clk 0:32:10]} Rb8 {[%clk
0:42:17]} 41. Rxb8 {[%clk 0:30:14]} Bxb8 {[%clk 0:42:41]} 42. Ba3 {[%clk
0:23:36]} Ba7 {[%clk 0:42:55]} 43. Kc3 {[%clk 0:23:47]} Bb6 {[%clk 0:43:21]} 44.
Be7 {[%clk 0:23:15]} Kd7 {[%clk 0:43:47]} 45. Ba3 {[%clk 0:18:37]} Bf3 {[%clk
0:42:58]} 46. Bb2 {[%clk 0:16:38]} Bd8 {[%clk 0:42:40]} 47. Ba3 {[%clk 0:15:17]}
Ke8 {[%clk 0:39:33]} 48. Bc5 {[%clk 0:15:09]} Be4 {[%clk 0:36:45]} 49. Kb3 {[%clk
0:15:22]} Kd7 {[%clk 0:35:52]} 50. Kc3 {[%clk 0:15:01]} Kc6 {[%clk 0:36:21]} 51.
Ba3 {[%clk 0:07:38]} Bf3 {[%clk 0:36:10]} 52. Kb3 {[%clk 0:07:48]} f6 {[%clk
0:34:15]} 53. exf6 {[%clk 0:07:20]} Bxf6 {[%clk 0:34:43]} 54. Bb2 {[%clk
0:06:47]} Bd8 {[%clk 0:34:34]} 55. Bc3 {[%clk 0:06:51]} Bc7 {[%clk 0:34:06]} 56.
Bd2 {[%clk 0:06:15]} Kb6 {[%clk 0:34:04]} 57. Bc1 {[%clk 0:06:28]} Kc6 {[%clk
0:34:03]} 58. Bd2 {[%clk 0:06:41]} Be2 {[%clk 0:34:15]} 59. Bc3 {[%clk 0:06:51]}
Kb6 {[%clk 0:34:20]} 60. Bb2 {[%clk 0:07:12]} Bd6 {[%clk 0:34:46]} 61. Ba3 {[%clk
0:07:24]} Bc4+ {[%clk 0:26:17]} 62. Kb2 {[%clk 0:07:33]} Bb4 {[%clk 0:13:54]} 63.
Bxb4 {[%clk 0:07:49]} axb4 {[%clk 0:14:23]} 64. g4 {[%clk 0:07:13]} Be2 {[%clk
0:14:50]} 65. f5 {[%clk 0:06:50]} exf5 {[%clk 0:12:53]} 66. gxf5 {[%clk 0:07:16]}
gxf5 {[%clk 0:13:11]} 67. Nxd5+ {[%clk 0:06:21]} Ka5 {[%clk 0:13:40]} 68. Nf4
{[%clk 0:05:42]} Bd1 {[%clk 0:13:48]} 69. d5 {[%clk 0:05:26]} Kb6 {[%clk
0:14:08]} 70. Nd3 {[%clk 0:04:58]} Bxa4 {[%clk 0:13:57]} 71. Nxb4 {[%clk
0:05:10]} Bb5 {[%clk 0:11:38]} 72. Kc3 {[%clk 0:02:53]} Kc5 {[%clk 0:12:05]} 73.
d6 {[%clk 0:03:12]} Kxd6 {[%clk 0:12:24]} 74. Kd4 {[%clk 0:03:33]} Ke6 {[%clk
0:12:49]} 75. Nd5 {[%clk 0:03:42]} Kd6 {[%clk 0:12:34]} 76. Nf4 {[%clk 0:03:09]}
Be8 {[%clk 0:13:03]} 77. Nd3 {[%clk 0:03:18]} Ba4 {[%clk 0:12:03]} 78. Ke3 {[%clk
0:02:49]} Bb5 {[%clk 0:11:40]} 79. Nf4 {[%clk 0:03:07]} Be8 {[%clk 0:11:59]} 80.
Nd3 {[%clk 0:03:35]} 1/2-1/2

[Event "European Women's Championship"]
[Site "Vysoke Tatry"]
[Date "2018.04.19"]
[Round "11"]
[White "Arakhamia-Grant, Ketevan"]
[Black "Zherebtsova, Alexandra"]
[Result "1-0"]
[Board "45"]
[WhiteElo "2347"]
[WhiteTitle "GM"]
[WhiteCountry "SCO"]
[WhiteFideId "13600168"]
[WhiteEloChange "6"]
[BlackElo "2202"]
[BlackTitle "WFM"]
[BlackCountry "RUS"]
[BlackFideId "24129518"]
[BlackEloChange "-6"]

1. e4 {[%clk 1:30:59]} e5 {[%clk 1:30:18]} 2. Nf3 {[%clk 1:31:24]} Nc6 {[%clk
1:30:44]} 3. Bb5 {[%clk 1:31:49]} a6 {[%clk 1:31:12]} 4. Ba4 {[%clk 1:32:13]} Nf6
{[%clk 1:31:37]} 5. O-O {[%clk 1:32:38]} Be7 {[%clk 1:32:04]} 6. Re1 {[%clk
1:32:57]} b5 {[%clk 1:32:24]} 7. Bb3 {[%clk 1:33:23]} d6 {[%clk 1:32:45]} 8. c3
{[%clk 1:33:39]} O-O {[%clk 1:33:04]} 9. h3 {[%clk 1:34:04]} Na5 {[%clk 1:33:30]}
10. Bc2 {[%clk 1:34:30]} c5 {[%clk 1:33:56]} 11. d4 {[%clk 1:34:49]} Nd7 {[%clk
1:34:08]} 12. d5 {[%clk 1:34:48]} Nb6 {[%clk 1:34:31]} 13. Nbd2 {[%clk 1:35:07]}
Bd7 {[%clk 1:32:06]} 14. b3 {[%clk 1:33:51]} c4 {[%clk 1:31:08]} 15. b4 {[%clk
1:28:43]} Nb7 {[%clk 1:31:33]} 16. Nf1 {[%clk 1:28:17]} a5 {[%clk 1:31:30]} 17.
g4 {[%clk 1:22:53]} axb4 {[%clk 1:25:55]} 18. cxb4 {[%clk 1:23:16]} Na4 {[%clk
1:25:07]} 19. a3 {[%clk 1:21:07]} Qc8 {[%clk 1:16:07]} 20. Ng3 {[%clk 1:19:07]}
g6 {[%clk 1:16:12]} 21. Bh6 {[%clk 1:18:36]} Re8 {[%clk 1:16:21]} 22. Kh2 {[%clk
1:14:35]} f6 {[%clk 1:08:30]} 23. Rg1 {[%clk 1:11:35]} Kh8 {[%clk 1:07:28]} 24.
Nf5 {[%clk 0:37:47]} gxf5 {[%clk 1:02:07]} 25. Bg7+ {[%clk 0:30:54]} Kxg7 {[%clk
0:59:36]} 26. gxf5+ {[%clk 0:31:18]} Kh8 {[%clk 0:57:23]} 27. Nh4 {[%clk
0:31:37]} Rg8 {[%clk 0:28:52]} 28. Ng6+ {[%clk 0:18:15]} Rxg6 {[%clk 0:11:24]}
29. fxg6 {[%clk 0:18:27]} Bf8 {[%clk 0:00:45]} 30. Qh5 {[%clk 0:18:02]} h6 {[%clk
0:01:10]} 31. g7+ {[%clk 0:18:11]} Bxg7 {[%clk 0:01:32]} 32. Qf7 {[%clk 0:16:08]}
Qf8 {[%clk 0:01:57]} 33. Qxd7 {[%clk 0:16:25]} Nd8 {[%clk 0:01:15]} 34. Qxb5
{[%clk 0:14:12]} Nb2 {[%clk 0:01:30]} 35. Rg3 {[%clk 0:05:28]} f5 {[%clk
0:01:08]} 36. Rag1 {[%clk 0:01:10]} Ra7 {[%clk 0:00:49]} 37. exf5 {[%clk
0:01:30]} e4 {[%clk 0:01:12]} 38. f6 {[%clk 0:00:46]} Bxf6 {[%clk 0:01:33]} 39.
Rg8+ {[%clk 0:00:37]} Qxg8 {[%clk 0:01:57]} 40. Rxg8+ {[%clk 0:31:03]} Kxg8
{[%clk 0:32:23]} 41. Qe8+ {[%clk 0:31:20]} Kg7 {[%clk 0:32:41]} 42. Qxe4 {[%clk
0:31:14]} Kf8 {[%clk 0:31:41]} 43. Qf4 {[%clk 0:17:26]} Ke7 {[%clk 0:23:39]} 44.
Qe3+ {[%clk 0:17:17]} 1-0

[Event "European Women's Championship"]
[Site "Vysoke Tatry"]
[Date "2018.04.19"]
[Round "11"]
[White "Arda, Cagil Irmak"]
[Black "Injac, Teodora"]
[Result "1/2-1/2"]
[Board "46"]
[WhiteElo "2199"]
[WhiteTitle "WFM"]
[WhiteCountry "TUR"]
[WhiteFideId "6351700"]
[WhiteEloChange "3"]
[BlackElo "2290"]
[BlackTitle "WIM"]
[BlackCountry "SRB"]
[BlackFideId "932400"]
[BlackEloChange "-3"]

1. e4 {[%clk 1:30:18]} e6 {[%clk 1:30:56]} 2. d4 {[%clk 1:30:42]} d5 {[%clk
1:31:23]} 3. Nd2 {[%clk 1:31:04]} h6 {[%clk 1:30:51]} 4. Bd3 {[%clk 1:27:20]} c5
{[%clk 1:31:00]} 5. dxc5 {[%clk 1:25:22]} Bxc5 {[%clk 1:30:55]} 6. Qe2 {[%clk
1:25:43]} Nf6 {[%clk 1:27:34]} 7. Ngf3 {[%clk 1:22:41]} O-O {[%clk 1:25:35]} 8.
O-O {[%clk 1:19:59]} Nc6 {[%clk 1:25:39]} 9. e5 {[%clk 1:17:42]} Nd7 {[%clk
1:25:17]} 10. c4 {[%clk 1:12:19]} Bb6 {[%clk 1:18:04]} 11. Bb1 {[%clk 1:06:35]}
Re8 {[%clk 0:53:52]} 12. Re1 {[%clk 0:55:09]} Nf8 {[%clk 0:40:54]} 13. Nb3 {[%clk
0:52:53]} Bc7 {[%clk 0:36:24]} 14. Rd1 {[%clk 0:44:56]} Qe7 {[%clk 0:35:18]} 15.
Bf4 {[%clk 0:40:08]} Rd8 {[%clk 0:25:33]} 16. Nbd4 {[%clk 0:28:47]} dxc4 {[%clk
0:16:42]} 17. Qxc4 {[%clk 0:25:28]} Qb4 {[%clk 0:12:30]} 18. Bd3 {[%clk 0:16:39]}
Qxc4 {[%clk 0:11:46]} 19. Bxc4 {[%clk 0:17:04]} Nxd4 {[%clk 0:11:36]} 20. Nxd4
{[%clk 0:15:56]} a6 {[%clk 0:10:26]} 21. Bg3 {[%clk 0:14:29]} b5 {[%clk 0:08:54]}
22. Be2 {[%clk 0:14:36]} Bb7 {[%clk 0:09:15]} 23. Bf3 {[%clk 0:13:32]} Bxf3
{[%clk 0:07:08]} 24. Nxf3 {[%clk 0:12:29]} Ng6 {[%clk 0:06:59]} 25. Kf1 {[%clk
0:11:22]} Kf8 {[%clk 0:06:37]} 26. Ke2 {[%clk 0:10:52]} Ne7 {[%clk 0:05:29]} 27.
Nd4 {[%clk 0:09:51]} Bb6 {[%clk 0:05:34]} 28. Nb3 {[%clk 0:08:24]} Nd5 {[%clk
0:05:05]} 29. Rac1 {[%clk 0:03:49]} Rac8 {[%clk 0:04:08]} 30. Rxc8 {[%clk
0:02:03]} Rxc8 {[%clk 0:04:37]} 31. Rc1 {[%clk 0:01:27]} Rb8 {[%clk 0:03:29]} 32.
Nc5 {[%clk 0:00:49]} Bxc5 {[%clk 0:02:34]} 33. Rxc5 {[%clk 0:01:15]} Ke7 {[%clk
0:02:27]} 34. f3 {[%clk 0:01:18]} Rb7 {[%clk 0:01:55]} 35. Be1 {[%clk 0:01:08]}
Kd7 {[%clk 0:01:18]} 36. g3 {[%clk 0:00:58]} Nb6 {[%clk 0:00:40]} 37. b3 {[%clk
0:00:54]} Nd5 {[%clk 0:00:58]} 38. Bd2 {[%clk 0:00:47]} b4 {[%clk 0:00:38]} 39.
Kd3 {[%clk 0:01:02]} Ne7 {[%clk 0:00:49]} 40. Kc4 {[%clk 0:30:41]} Nc6 {[%clk
0:30:54]} 41. f4 {[%clk 0:29:37]} h5 {[%clk 0:26:43]} 42. h3 {[%clk 0:27:59]} Rb8
{[%clk 0:26:54]} 43. Be1 {[%clk 0:27:19]} Kc7 {[%clk 0:26:06]} 44. Bd2 {[%clk
0:23:12]} Rd8 {[%clk 0:26:10]} 45. Bxb4 {[%clk 0:21:23]} Rd4+ {[%clk 0:21:40]}
46. Kc3 {[%clk 0:21:47]} Re4 {[%clk 0:17:02]} 47. Ba5+ {[%clk 0:19:42]} Kb7
{[%clk 0:16:34]} 48. Kd3 {[%clk 0:19:37]} Rd4+ {[%clk 0:17:03]} 49. Ke2 {[%clk
0:18:26]} Nxa5 {[%clk 0:04:49]} 50. Rxa5 {[%clk 0:18:45]} h4 {[%clk 0:04:05]} 51.
Ke3 {[%clk 0:10:54]} hxg3 {[%clk 0:04:10]} 52. Rc5 {[%clk 0:11:19]} Rd1 {[%clk
0:03:40]} 53. Rc2 {[%clk 0:08:11]} Rh1 {[%clk 0:03:54]} 54. Kf3 {[%clk 0:08:12]}
Rxh3 {[%clk 0:04:00]} 55. Rd2 {[%clk 0:08:20]} Rh2 {[%clk 0:01:14]} 56. Rd7+
{[%clk 0:08:44]} Kc6 {[%clk 0:01:41]} 57. Rxf7 {[%clk 0:06:49]} Rxa2 {[%clk
0:02:01]} 58. Rxg7 {[%clk 0:06:51]} Rb2 {[%clk 0:02:10]} 59. Kxg3 {[%clk
0:07:12]} Rxb3+ {[%clk 0:02:28]} 60. Kg4 {[%clk 0:07:32]} Rb1 {[%clk 0:01:17]}
61. Ra7 {[%clk 0:07:37]} Ra1 {[%clk 0:00:49]} 62. Kg5 {[%clk 0:07:48]} Kd5 {[%clk
0:00:52]} 63. Kf6 {[%clk 0:06:48]} Ke4 {[%clk 0:00:47]} 64. Kxe6 {[%clk 0:05:52]}
Kxf4 {[%clk 0:01:16]} 65. Kf6 {[%clk 0:06:11]} Rh1 {[%clk 0:01:14]} 66. Kg7
{[%clk 0:05:03]} Kxe5 {[%clk 0:01:17]} 67. Rxa6 {[%clk 0:05:29]} 1/2-1/2

[Event "European Women's Championship"]
[Site "Vysoke Tatry"]
[Date "2018.04.19"]
[Round "11"]
[White "Ptacnikova, Lenka"]
[Black "Fuchs, Judith"]
[Result "1/2-1/2"]
[Board "47"]
[WhiteElo "2198"]
[WhiteTitle "WGM"]
[WhiteCountry "ISL"]
[WhiteFideId "305650"]
[WhiteEloChange "2"]
[BlackElo "2286"]
[BlackTitle "WGM"]
[BlackCountry "GER"]
[BlackFideId "24605611"]
[BlackEloChange "-2"]

1. c4 {[%clk 1:30:59]} b6 {[%clk 1:30:55]} 2. Nc3 {[%clk 1:31:15]} Bb7 {[%clk
1:31:15]} 3. d4 {[%clk 1:31:16]} e6 {[%clk 1:31:40]} 4. a3 {[%clk 1:31:39]} Nf6
{[%clk 1:29:42]} 5. Bg5 {[%clk 1:21:59]} h6 {[%clk 1:29:30]} 6. Bh4 {[%clk
1:20:27]} Be7 {[%clk 1:28:50]} 7. e3 {[%clk 1:18:59]} d6 {[%clk 1:25:15]} 8. Bg3
{[%clk 1:09:40]} O-O {[%clk 1:22:22]} 9. d5 {[%clk 1:04:31]} c6 {[%clk 1:15:13]}
10. dxe6 {[%clk 0:59:36]} fxe6 {[%clk 1:15:20]} 11. Be2 {[%clk 0:56:36]} Na6
{[%clk 1:09:17]} 12. Bf3 {[%clk 0:46:29]} e5 {[%clk 0:58:36]} 13. b4 {[%clk
0:45:35]} Qd7 {[%clk 0:49:24]} 14. Rc1 {[%clk 0:35:10]} Rae8 {[%clk 0:41:41]} 15.
Nge2 {[%clk 0:29:05]} Nb8 {[%clk 0:37:15]} 16. O-O {[%clk 0:27:00]} Bd8 {[%clk
0:37:02]} 17. Ne4 {[%clk 0:24:43]} d5 {[%clk 0:34:47]} 18. cxd5 {[%clk 0:24:58]}
cxd5 {[%clk 0:34:53]} 19. Nxf6+ {[%clk 0:21:11]} Bxf6 {[%clk 0:35:14]} 20. Nc3
{[%clk 0:20:55]} Rd8 {[%clk 0:34:46]} 21. Qb3 {[%clk 0:19:43]} Qf7 {[%clk
0:34:43]} 22. Rfd1 {[%clk 0:18:18]} d4 {[%clk 0:31:22]} 23. Qxf7+ {[%clk
0:18:36]} Rxf7 {[%clk 0:31:51]} 24. Bxb7 {[%clk 0:18:31]} Rxb7 {[%clk 0:31:59]}
25. Ne4 {[%clk 0:18:33]} Rbd7 {[%clk 0:30:19]} 26. exd4 {[%clk 0:17:56]} Rxd4
{[%clk 0:29:49]} 27. Rxd4 {[%clk 0:18:03]} Rxd4 {[%clk 0:29:38]} 28. f3 {[%clk
0:18:06]} Nd7 {[%clk 0:27:54]} 29. Kf1 {[%clk 0:16:23]} a5 {[%clk 0:24:39]} 30.
Bf2 {[%clk 0:16:08]} Rd5 {[%clk 0:23:01]} 31. Ke2 {[%clk 0:14:02]} axb4 {[%clk
0:21:29]} 32. axb4 {[%clk 0:14:24]} Be7 {[%clk 0:21:02]} 33. Be1 {[%clk 0:11:51]}
Kf7 {[%clk 0:18:34]} 34. Rc6 {[%clk 0:11:22]} Rd4 {[%clk 0:14:06]} 35. Bc3 {[%clk
0:10:12]} Rd5 {[%clk 0:14:12]} 36. Bd2 {[%clk 0:07:10]} Rd4 {[%clk 0:13:09]} 37.
Bc3 {[%clk 0:07:25]} Rd5 {[%clk 0:13:37]} 38. Bd2 {[%clk 0:07:21]} Rd4 {[%clk
0:14:05]} 39. Bc3 {[%clk 0:07:33]} 1/2-1/2

[Event "European Women's Championship"]
[Site "Vysoke Tatry"]
[Date "2018.04.19"]
[Round "11"]
[White "Sucikova, Svetlana"]
[Black "Manakova, Maria"]
[Result "1/2-1/2"]
[Board "48"]
[WhiteElo "2107"]
[WhiteTitle "WFM"]
[WhiteCountry "SVK"]
[WhiteFideId "14923653"]
[WhiteEloChange "4"]
[BlackElo "2268"]
[BlackTitle "WGM"]
[BlackCountry "SRB"]
[BlackFideId "927007"]
[BlackEloChange "-4"]

1. Nf3 {[%clk 1:30:53]} d5 {[%clk 1:23:38]} 2. d4 {[%clk 1:31:05]} e6 {[%clk
1:23:25]} 3. Bf4 {[%clk 1:30:55]} Nf6 {[%clk 1:22:47]} 4. e3 {[%clk 1:30:35]} Bd6
{[%clk 1:20:55]} 5. Bg3 {[%clk 1:30:52]} O-O {[%clk 1:20:13]} 6. Be2 {[%clk
1:30:55]} b6 {[%clk 1:19:18]} 7. O-O {[%clk 1:30:36]} Bb7 {[%clk 1:19:38]} 8. c4
{[%clk 1:29:50]} Ne4 {[%clk 1:17:37]} 9. Nc3 {[%clk 1:24:47]} Nxg3 {[%clk
1:07:02]} 10. hxg3 {[%clk 1:25:09]} Nd7 {[%clk 1:07:06]} 11. Rc1 {[%clk 1:23:38]}
a6 {[%clk 1:00:24]} 12. Qb3 {[%clk 1:21:03]} dxc4 {[%clk 0:58:58]} 13. Bxc4
{[%clk 1:21:20]} b5 {[%clk 0:58:12]} 14. Bd3 {[%clk 1:20:49]} c5 {[%clk 0:54:19]}
15. Qc2 {[%clk 1:18:41]} f5 {[%clk 0:52:37]} 16. Be2 {[%clk 1:13:05]} c4 {[%clk
0:47:14]} 17. a4 {[%clk 1:12:30]} Bc6 {[%clk 0:36:22]} 18. axb5 {[%clk 1:10:27]}
axb5 {[%clk 0:36:44]} 19. d5 {[%clk 1:09:29]} Bxd5 {[%clk 0:34:02]} 20. Nxb5
{[%clk 1:09:43]} Nb6 {[%clk 0:34:21]} 21. Nxd6 {[%clk 1:07:59]} Qxd6 {[%clk
0:34:47]} 22. Rfd1 {[%clk 1:08:00]} Qb8 {[%clk 0:32:47]} 23. Nd2 {[%clk 1:06:58]}
Rc8 {[%clk 0:31:45]} 24. Bf3 {[%clk 1:06:01]} Bxf3 {[%clk 0:27:54]} 25. gxf3
{[%clk 1:01:29]} Ra5 {[%clk 0:20:53]} 26. Ra1 {[%clk 0:58:56]} Rac5 {[%clk
0:19:35]} 27. Ra6 {[%clk 0:54:10]} R5c6 {[%clk 0:15:20]} 28. Rda1 {[%clk
0:54:15]} h6 {[%clk 0:14:34]} 29. Qc3 {[%clk 0:50:45]} Qd6 {[%clk 0:12:39]} 30.
Ra7 {[%clk 0:46:25]} R8c7 {[%clk 0:11:42]} 31. Rxc7 {[%clk 0:46:35]} Rxc7 {[%clk
0:11:41]} 32. Ra6 {[%clk 0:45:35]} Qc5 {[%clk 0:06:05]} 33. b3 {[%clk 0:35:01]}
Kf7 {[%clk 0:02:57]} 34. Kg2 {[%clk 0:35:22]} Qb5 {[%clk 0:02:32]} 35. Ra5 {[%clk
0:34:02]} Qc6 {[%clk 0:02:58]} 36. Ra6 {[%clk 0:29:15]} Qb5 {[%clk 0:03:24]} 37.
Ra5 {[%clk 0:28:20]} Qc6 {[%clk 0:03:46]} 1/2-1/2

[Event "European Women's Championship"]
[Site "Vysoke Tatry"]
[Date "2018.04.19"]
[Round "11"]
[White "Ionescu, Irina"]
[Black "Petrenko, Svetlana"]
[Result "1/2-1/2"]
[Board "49"]
[WhiteElo "2247"]
[WhiteTitle "WGM"]
[WhiteCountry "ROU"]
[WhiteFideId "1204750"]
[WhiteEloChange "-2"]
[BlackElo "2178"]
[BlackTitle "IM"]
[BlackCountry "MDA"]
[BlackFideId "13900196"]
[BlackEloChange "2"]

1. e4 {[%clk 1:30:41]} g6 {[%clk 1:29:26]} 2. d4 {[%clk 1:30:58]} Bg7 {[%clk
1:29:51]} 3. Nc3 {[%clk 1:31:21]} d6 {[%clk 1:29:50]} 4. Nf3 {[%clk 1:31:29]} c6
{[%clk 1:28:24]} 5. a4 {[%clk 1:30:44]} Nf6 {[%clk 1:27:26]} 6. Be2 {[%clk
1:30:50]} O-O {[%clk 1:27:19]} 7. O-O {[%clk 1:31:11]} b6 {[%clk 1:20:29]} 8. d5
{[%clk 1:22:08]} Bb7 {[%clk 1:19:26]} 9. a5 {[%clk 1:20:22]} bxa5 {[%clk
1:16:11]} 10. Be3 {[%clk 1:11:53]} Nbd7 {[%clk 1:12:52]} 11. Qd2 {[%clk 1:00:30]}
cxd5 {[%clk 1:05:24]} 12. exd5 {[%clk 1:00:26]} Nb6 {[%clk 1:04:52]} 13. Bh6
{[%clk 0:54:40]} Rc8 {[%clk 0:51:30]} 14. Bxg7 {[%clk 0:49:21]} Kxg7 {[%clk
0:51:15]} 15. Nd4 {[%clk 0:49:11]} Nbxd5 {[%clk 0:46:32]} 16. Nxd5 {[%clk
0:46:04]} Bxd5 {[%clk 0:46:49]} 17. Rxa5 {[%clk 0:45:09]} e5 {[%clk 0:42:46]} 18.
Nb3 {[%clk 0:33:27]} Bxb3 {[%clk 0:34:39]} 19. cxb3 {[%clk 0:33:54]} Rc2 {[%clk
0:34:18]} 20. Qxc2 {[%clk 0:34:12]} Qxa5 {[%clk 0:34:46]} 21. Qc3 {[%clk
0:34:19]} Qxc3 {[%clk 0:32:28]} 22. bxc3 {[%clk 0:34:43]} Ne4 {[%clk 0:29:59]}
23. Rc1 {[%clk 0:34:12]} Rc8 {[%clk 0:27:53]} 24. c4 {[%clk 0:27:09]} Rb8 {[%clk
0:27:02]} 25. Bd1 {[%clk 0:27:25]} Nc5 {[%clk 0:26:14]} 26. Ra1 {[%clk 0:26:06]}
a6 {[%clk 0:23:19]} 27. Kf1 {[%clk 0:24:40]} f5 {[%clk 0:19:08]} 28. Ke2 {[%clk
0:22:22]} Kf6 {[%clk 0:17:08]} 29. Ra3 {[%clk 0:21:34]} Rb6 {[%clk 0:16:22]} 30.
Bc2 {[%clk 0:19:06]} Ne6 {[%clk 0:13:56]} 31. Kd2 {[%clk 0:18:44]} Nd4 {[%clk
0:11:44]} 32. Kc3 {[%clk 0:18:36]} Nc6 {[%clk 0:08:56]} 33. Bd1 {[%clk 0:17:21]}
a5 {[%clk 0:07:03]} 34. c5 {[%clk 0:15:04]} Rb5 {[%clk 0:07:26]} 35. cxd6 {[%clk
0:14:45]} Rc5+ {[%clk 0:07:42]} 36. Kd2 {[%clk 0:13:38]} Nd4 {[%clk 0:05:07]} 37.
Ra4 {[%clk 0:07:18]} Rd5 {[%clk 0:04:23]} 38. Ke1 {[%clk 0:05:49]} Rb5 {[%clk
0:02:20]} 39. f4 {[%clk 0:05:13]} Ke6 {[%clk 0:02:37]} 40. fxe5 {[%clk 0:35:00]}
Rxe5+ {[%clk 0:33:03]} 41. Kf2 {[%clk 0:34:14]} Nc6 {[%clk 0:32:22]} 42. g4
{[%clk 0:27:02]} Nb4 {[%clk 0:30:08]} 43. gxf5+ {[%clk 0:26:46]} gxf5 {[%clk
0:27:51]} 44. Be2 {[%clk 0:26:21]} Kxd6 {[%clk 0:27:18]} 45. Ra1 {[%clk 0:26:33]}
Ke7 {[%clk 0:24:27]} 46. Rc1 {[%clk 0:25:09]} Kf6 {[%clk 0:24:26]} 47. Rc7 {[%clk
0:25:06]} h6 {[%clk 0:23:42]} 48. h4 {[%clk 0:24:15]} Re4 {[%clk 0:22:28]} 49. h5
{[%clk 0:23:58]} Nd5 {[%clk 0:15:37]} 50. Ra7 {[%clk 0:14:01]} Nf4 {[%clk
0:15:22]} 51. Bf3 {[%clk 0:13:30]} Nd3+ {[%clk 0:11:23]} 52. Kg3 {[%clk 0:10:59]}
f4+ {[%clk 0:11:14]} 53. Kh4 {[%clk 0:11:00]} Re3 {[%clk 0:10:18]} 54. Ra6+
{[%clk 0:10:53]} Re6 {[%clk 0:06:42]} 55. Rxa5 {[%clk 0:10:41]} Ne5 {[%clk
0:07:07]} 56. Be4 {[%clk 0:07:59]} Rb6 {[%clk 0:04:55]} 57. Ra8 {[%clk 0:05:03]}
Rb4 {[%clk 0:02:19]} 58. Ra6+ {[%clk 0:04:05]} Kg7 {[%clk 0:02:04]} 59. Ra7+
{[%clk 0:04:12]} Kf8 {[%clk 0:02:20]} 60. Ra4 {[%clk 0:02:12]} Rxb3 {[%clk
0:01:36]} 61. Bd5 {[%clk 0:02:25]} Rb2 {[%clk 0:01:15]} 62. Rxf4+ {[%clk
0:02:49]} Ke7 {[%clk 0:01:38]} 63. Ra4 {[%clk 0:02:42]} Rh2+ {[%clk 0:01:42]} 64.
Kg3 {[%clk 0:03:05]} Rxh5 {[%clk 0:02:08]} 65. Ra6 {[%clk 0:03:11]} Rg5+ {[%clk
0:02:03]} 66. Kh3 {[%clk 0:02:46]} Ng6 {[%clk 0:01:51]} 67. Be4 {[%clk 0:02:31]}
Nf4+ {[%clk 0:02:16]} 68. Kh4 {[%clk 0:02:16]} Ne6 {[%clk 0:02:35]} 69. Bc2
{[%clk 0:02:07]} Rb5 {[%clk 0:02:23]} 70. Bd1 {[%clk 0:01:49]} Rb1 {[%clk
0:01:36]} 71. Bg4 {[%clk 0:01:33]} Rh1+ {[%clk 0:01:50]} 72. Bh3 {[%clk 0:01:20]}
Ng7 {[%clk 0:02:14]} 73. Ra7+ {[%clk 0:01:08]} Kf6 {[%clk 0:02:37]} 74. Ra6+
{[%clk 0:01:49]} Ke5 {[%clk 0:02:54]} 75. Ra5+ {[%clk 0:02:15]} Kd4 {[%clk
0:02:45]} 76. Ra4+ {[%clk 0:02:39]} Kc5 {[%clk 0:02:49]} 77. Rf4 {[%clk 0:02:10]}
Ne6 {[%clk 0:02:15]} 78. Rf1 {[%clk 0:02:26]} Rxf1 {[%clk 0:02:25]} 79. Bxf1
{[%clk 0:02:51]} Ng7 {[%clk 0:02:32]} 80. Bh3 {[%clk 0:02:52]} Kd4 {[%clk
0:02:59]} 81. Bg4 {[%clk 0:03:01]} Ke3 {[%clk 0:03:17]} 82. Kg3 {[%clk 0:03:23]}
Ne8 {[%clk 0:03:26]} 83. Bd1 {[%clk 0:03:35]} Nf6 {[%clk 0:03:37]} 84. Bf3 {[%clk
0:03:57]} Nd7 {[%clk 0:03:22]} 85. Bd1 {[%clk 0:04:21]} Ke4 {[%clk 0:03:26]} 86.
Kh4 {[%clk 0:04:36]} Nf6 {[%clk 0:03:53]} 87. Kg3 {[%clk 0:04:58]} Kf5 {[%clk
0:04:14]} 88. Kh4 {[%clk 0:05:16]} Kg6 {[%clk 0:03:19]} 89. Bc2+ {[%clk 0:05:38]}
Kg7 {[%clk 0:03:46]} 90. Bd3 {[%clk 0:06:00]} Nd7 {[%clk 0:03:53]} 91. Bf5 {[%clk
0:06:04]} Ne5 {[%clk 0:04:13]} 92. Be4 {[%clk 0:06:27]} Nc4 {[%clk 0:04:27]} 93.
Bd3 {[%clk 0:06:36]} Ne5 {[%clk 0:04:33]} 94. Be4 {[%clk 0:06:55]} Nd7 {[%clk
0:03:57]} 95. Bb1 {[%clk 0:07:06]} Nf6 {[%clk 0:04:21]} 96. Bc2 {[%clk 0:07:31]}
Kf7 {[%clk 0:04:42]} 97. Bb3+ {[%clk 0:07:57]} Ke7 {[%clk 0:05:07]} 98. Bc2
{[%clk 0:08:15]} Kd6 {[%clk 0:05:21]} 99. Bb1 {[%clk 0:08:31]} Ke5 {[%clk
0:05:21]} 1/2-1/2